000 00529nam a2200193 a 4500
001 1760786493540
003 ACL
005 20251018165651.0
008 251018s1974##################000#0#eng##
020 _a9780486231013
082 0 4 _a589.222
_bCOK
100 1 _aCoker, William Chambers,
_eauthor.
245 1 0 _aThe Club and Coral Mushrooms (Clavarias) of the United States and Canada :
260 _bCourier Corporation,
_c1974.
300 _a332 pages
650 0 _aNature.
942 _cENGLISH
040 _aACL
_beng
_cACL
999 _c592417
_d592417